Statistics for Werder Bremen Best Scorer By Year

Click here to take the quiz!

General Stats

  • This quiz has been taken 300 times
    (248 since last reset)
  • The average score is 9 of 32

Answer Stats

Player% Correct
Aílton
86%
Niclas Füllkrug
78%
Miroslav Klose
77%
Claudio Pizarro
73%
Diego
60%
Max Kruse
60%
Milot Rashica
56%
Markus Rosenberg
45%
Rudi Völler
45%
Franco Di Santo
38%
Hugo Almeida
36%
Yuya Osako
34%
Wynton Rufer
32%
Marco Bode
30%
Aaron Hunt
25%
Mario Basler
25%
Nils Petersen
22%
Andreas Herzog
16%
Karl-Heinz Riedle
14%
Frank Neubarth
13%
Arnold Schütz
11%
Rade Bogdanović
5%
Uwe Reinders
5%
Bernd Lorenz
3%
Klaus Matischak
3%
Werner Görts
3%
Karl-Heinz Kamp
2%
Werner Weist
2%
Gerhard Zebrowski
1%
Jürgen Röber
1%
Karlheinz Meininger
0%
Werner Dreßel
0%

Score Distribution

Percentile by Number Answered

Percent of People with Each Score

Your Score History

You have not taken this quiz since the last reset